000 00876nam a22002297a 4500
005 20250417115319.0
008 250417b |||||||| |||| 00| 0 eng d
020 _a978-0-9946104-9-2 (hbk)
037 _cTB
040 _aCRL
_cCRL
041 _2pun
_apun
084 _aQ8441:33:g 153R1
_qCRL
100 _aਰੰਧਾਵਾ, ਕਂਵਲਦੀਪ ਕੌਰ
245 _aਸੱਚ ਖੰਡਿ ਵਸੈ ਨਿਰੰਕਾਰੁ
260 _aਅੰਮ੍ਰਿਤਸਰ, ਭਾਰਤ:
_bਨਾਦ ਪ੍ਰਗਾਸੁ,
_c2021.
300 _a336 ਪ.
365 _b525.00
_cINR
650 _aਧਰਮ
650 _aਸਿੱਖ ਧਰਮ
_9156314
942 _2CC
_cTB
_hQ8441:33:g 153R1
_n0
999 _c1309089
_d1309089